000 01615nam a2200229Ia 4500
003 Ost
005 20260507075523.0
008 260507s9999||||xx |||||||||||||| ||und||
020 _a61764109779
040 _cfsecg
041 _aara
082 _a330
100 _aرابح، بوقرة
_eمؤلف
245 0 _aالوقائع الاقتصادية من التاريخ القديم إلى بداية القرن الواحد والعشرون /
_c بوقرة رابح
260 _aالاسكندرية:
_bدار الجامعة الجديدة,
_c2014
300 _a443 صفحة؛
_bإيضاحات ؛
_c25 سم
504 _aببليوغرافيا:429-438
520 _aالوقائع الاقتصادية من التاريخ القديم إلى بداية القرن العشرين،الوقائع الاقتصادية في البلاد الإسلامية قبل الاستعمار الرأسمالي،الوقائع الاقتصادية المعاصرة،الأزمة الاقتصادية ومشكلة الكساد،التقلبات النقدية ومشكلة التضخم،إعادة بناء الاقتصاديات الرأسمالية،بناء الاقتصاديات الاشتراكية،الوقائع الاقتصادية في إفريقيا قبل الاستعمار الرأسمالي،العولمة والأزمات المالية،آثار العولمة الاقتصادية،الأزمات المالية:مفهومها وتداعياتها،التنمية المستدامة
653 _aالاقتصاد
700 _aخبابة، عبد الله
_eمؤلف ثانوي
942 _cكتاب
999 _c44782
_d44782